| 000 | 00839pam a2200265 a 4500 | ||
|---|---|---|---|
| 999 |
_c16394 _d16394 |
||
| 001 | 933807 | ||
| 005 | 20161110093240.0 | ||
| 008 | 830622s1984 ilua b 001 0 eng | ||
| 010 | _a 83014025 | ||
| 020 | _a0030599024 | ||
| 040 |
_aDLC _cDLC _dDLC |
||
| 050 | 0 | 0 |
_aHF5351 _b.C575 1983 |
| 100 | 1 | _aCompaine, Benjamin M. | |
| 245 | 1 | 0 |
_aBusiness, an introduction / _cBenjamin M. Compaine, Robert F. Litro. |
| 260 |
_aChicago : _bDryden Press, _cc1984. |
||
| 300 |
_axiv, 540 p. : _bill. (some col.) ; _c27 cm. |
||
| 504 | _aIncludes bibliographical references and index. | ||
| 650 | 0 | _aBusiness. | |
| 650 | 0 | _aIndustrial management. | |
| 650 | 0 | _aCommerce. | |
| 700 | 1 | _aLitro, Robert F. | |
| 942 |
_2lcc _cBOOKS _hHF5351 .C575 1983 |
||